000 00724nam a22002417a 4500
003 UA-OsUOA
001 77362
007 ta
008 20110908b un ||||| |||| 00| 0 ukr d
100 _aЛень В.В.
090 _a343.22
_bЛ46
942 _cBK
040 _aUA-OsUOA
_bukr
_cUA-OsUOA
_dUA-OsUOA
245 _aОсудність у кримінальному праві і законодавстві
_bмонографія
300 _a180 с.
955 _a1
041 _aukr
080 _a343.22
020 _a978-966-383-139-8
260 _aДніпропетровськ
_bЛіра ЛТД
_c2008
650 7 _a343 Кримінальне право. Карні порушення
_2UDC
999 _c363672
_d363672